<?xml version="1.0" encoding="UTF-8"?>
<record
    xmlns:xsi="http://www.w3.org/2001/XMLSchema-instance"
    xsi:schemaLocation="http://www.loc.gov/MARC21/slim http://www.loc.gov/standards/marcxml/schema/MARC21slim.xsd"
    xmlns="http://www.loc.gov/MARC21/slim">

  <leader>00861nam a22002777a 4500</leader>
  <controlfield tag="008">240821b        mp ||||| |||| 00| 0 mon d</controlfield>
  <datafield tag="020" ind1=" " ind2=" ">
    <subfield code="a">978-999783-1-589-2</subfield>
  </datafield>
  <datafield tag="035" ind1=" " ind2=" ">
    <subfield code="a">9112</subfield>
  </datafield>
  <datafield tag="040" ind1=" " ind2=" ">
    <subfield code="a">DXO45059</subfield>
    <subfield code="b">mon</subfield>
    <subfield code="c">MN-UlNLM</subfield>
    <subfield code="d">MN-UlNLM</subfield>
    <subfield code="e">rda</subfield>
  </datafield>
  <datafield tag="041" ind1=" " ind2=" ">
    <subfield code="a">mon</subfield>
  </datafield>
  <datafield tag="082" ind1=" " ind2=" ">
    <subfield code="2">10-t</subfield>
    <subfield code="a">860</subfield>
    <subfield code="b">&#x41C;-263</subfield>
  </datafield>
  <datafield tag="100" ind1=" " ind2=" ">
    <subfield code="a">&#x41C;&#x430;&#x440;&#x43A;&#x435;&#x441; . &#x413;. &#x413;</subfield>
  </datafield>
  <datafield tag="245" ind1=" " ind2="0">
    <subfield code="a">&#x422;&#x430;&#x445;&#x43B;&#x44B;&#x43D; &#x4AF;&#x435;&#x438;&#x439;&#x43D; &#x434;&#x443;&#x440;&#x43B;&#x430;&#x43B;</subfield>
  </datafield>
  <datafield tag="245" ind1=" " ind2="0">
    <subfield code="b">0</subfield>
  </datafield>
  <datafield tag="245" ind1=" " ind2="0">
    <subfield code="c">&#x41E;&#x440;&#x447;: &#x41D;. &#x416;&#x430;&#x432;&#x445;&#x43B;&#x430;&#x43D;., &#x411;. &#x41D;&#x44F;&#x43C;&#x434;&#x43E;&#x440;&#x436;</subfield>
  </datafield>
  <datafield tag="250" ind1=" " ind2=" ">
    <subfield code="a">1</subfield>
  </datafield>
  <datafield tag="264" ind1=" " ind2=" ">
    <subfield code="a">&#x423;&#x411;</subfield>
    <subfield code="b">&#x410;&#x434;&#x43C;&#x43E;&#x43D; &#x43F;&#x440;&#x438;&#x43D;&#x442; &#x425;&#x425;&#x41A;</subfield>
    <subfield code="c">2019</subfield>
  </datafield>
  <datafield tag="300" ind1=" " ind2=" ">
    <subfield code="a">480&#x445;&#x445;.</subfield>
  </datafield>
  <datafield tag="336" ind1=" " ind2=" ">
    <subfield code="2">rdacontent</subfield>
    <subfield code="a">text</subfield>
    <subfield code="b">txt</subfield>
  </datafield>
  <datafield tag="337" ind1=" " ind2=" ">
    <subfield code="2">rdamedia</subfield>
    <subfield code="a">unmediated</subfield>
    <subfield code="b">n</subfield>
  </datafield>
  <datafield tag="338" ind1=" " ind2=" ">
    <subfield code="2">rdacarrier</subfield>
    <subfield code="a">volume</subfield>
    <subfield code="b">nc</subfield>
  </datafield>
  <datafield tag="505" ind1=" " ind2=" ">
    <subfield code="t">&#x422;&#x430;&#x445;&#x43B;&#x44B;&#x43D; &#x4AF;&#x435;&#x438;&#x439;&#x43D; &#x434;&#x443;&#x440;&#x43B;&#x430;&#x43B;; &#x413;&#x430;&#x431;&#x440;&#x438;&#x435;&#x43B;&#x44C; &#x413;&#x430;&#x440;&#x441;&#x438;&#x430; &#x41C;&#x430;&#x440;&#x43A;&#x435;&#x441;; 0; 0; 0</subfield>
  </datafield>
  <datafield tag="650" ind1=" " ind2=" ">
    <subfield code="a">Book &amp; Coffee</subfield>
  </datafield>
  <datafield tag="942" ind1=" " ind2=" ">
    <subfield code="2">10-t</subfield>
    <subfield code="c">BK</subfield>
  </datafield>
  <datafield tag="952" ind1=" " ind2=" ">
    <subfield code="0">0</subfield>
    <subfield code="1">0</subfield>
    <subfield code="4">0</subfield>
    <subfield code="6">860_&#x41C;263</subfield>
    <subfield code="7">0</subfield>
    <subfield code="8">DXO455</subfield>
    <subfield code="a">DXO45059</subfield>
    <subfield code="b">DXO45059</subfield>
    <subfield code="c">DXO455</subfield>
    <subfield code="d">2024-08-22</subfield>
    <subfield code="g">24900.00</subfield>
    <subfield code="l">0</subfield>
    <subfield code="o">860 &#x41C;-263</subfield>
    <subfield code="p">DXO4510011659</subfield>
    <subfield code="r">2024-08-22</subfield>
    <subfield code="t">10011659</subfield>
    <subfield code="y">BK</subfield>
  </datafield>
  <datafield tag="999" ind1=" " ind2=" ">
    <subfield code="c">1133921</subfield>
    <subfield code="d">1133978</subfield>
  </datafield>
</record>
